00585nam a2200229Ia 4500008004100000020001500041050000800056050001400064100002100078245002000099245006200119245002400181260001300205260003200218260000900250300001600259300002000275300001000295650002100305650001800326700001100344171120s9999 xx 000 0 und d a1858217725 a900 bW332 2000 aWaterstone, John aTwo millennia : ba look at the Christian era leaving out the boring bits / cby John Waterstone. aDurham : bThe Pentland Press Limited, c2000 a108 pages : billustrations ; c21cm. aWorld history -- xChristianity. aTitle.